000 00517nam a2200193 a 4500
001 1771297336521
003 YourLibrary
005 20260217083534.0
008 260217s2009##################000#0#eng##
020 _a9780123747051
082 0 4 _a333.794
_bELS
100 1 _aSørensen, Bent,
_eauthor.
245 1 0 _aRenewable Energy Focus Handbook :
260 _bAcademic Press,
_c2009.
300 _a528 pages
650 0 _aTechnology & Engineering.
942 _cENGLISH
040 _aYourLibrary
_beng
_cYourLibrary
999 _c612764
_d612764